| 000 | 00488nam a22001937a 4500 | ||
|---|---|---|---|
| 003 | ost | ||
| 005 | 20160127094353.0 | ||
| 008 | 130122t xxu||||| |||| 00| 0 eng d | ||
| 020 | _a1857370325 | ||
| 050 |
_aTT 157 _b.W927 1993 |
||
| 082 |
_aHS 745.5 _bW893 1993 |
||
| 245 | _aWorld of crafts / | ||
| 260 |
_aGreat Britain : _bMerlion Publishing, _c1993. |
||
| 300 |
_a192 p. ; _c29 cm. _bill. col. ; |
||
| 562 | _e1 | ||
| 650 |
_aHandicrafts _915495 |
||
| 942 |
_2lcc _cBK |
||
| 999 |
_c9914 _d9914 |
||